000 00441nam a2200145Ia 4500
008 100204s9999 xx 000 0 und d
082 _b4817
100 _aजोगळेकर योगिनी
245 _aधागे दोरे
260 _b"स्मिता प्रकाशन, पुणे 30"
_c1982
300 _a212
630 _aधागे दोरे
730 _aधागे दोरे
942 _cBOOK
999 _c449497
_d449494